Công nghệ sinh học
Tài liệu giới thiệu với bạn đọc những kiến thức từ cơ bản đến nâng cao trong việc nghiên cứu và ứng dụng enzyme. Sách gồm 9 chương đề cập đến các nội dung về lược sử, phương pháp nghiên cứu, cấu trúc phân tử, tính đặc hiệu, châ...
Guardado en:
| Formato: | Libro |
|---|---|
| Lenguaje: | Undetermined |
| Publicado: |
Hà Nội
Giáo dục
2007
|
| Materias: | |
| Etiquetas: |
Agregar Etiqueta
Sin Etiquetas, Sea el primero en etiquetar este registro!
|
| Thư viện lưu trữ: | Trung tâm Học liệu Trường Đại học Cần Thơ |
|---|
| LEADER | 01005nam a2200217Ia 4500 | ||
|---|---|---|---|
| 001 | CTU_124974 | ||
| 008 | 210402s9999 xx 000 0 und d | ||
| 020 | |c 28000 | ||
| 082 | |a 660.6 | ||
| 082 | |b C455/T.3 | ||
| 245 | 0 | |a Công nghệ sinh học | |
| 245 | 0 | |c Phạm Thị Trân Châu , Phan Tuấn Nghĩa | |
| 260 | |a Hà Nội | ||
| 260 | |b Giáo dục | ||
| 260 | |c 2007 | ||
| 520 | |a Tài liệu giới thiệu với bạn đọc những kiến thức từ cơ bản đến nâng cao trong việc nghiên cứu và ứng dụng enzyme. Sách gồm 9 chương đề cập đến các nội dung về lược sử, phương pháp nghiên cứu, cấu trúc phân tử, tính đặc hiệu, chất xúc tác,...của enzyme. | ||
| 650 | |a Enzyme,Enzymes | ||
| 650 | |x Biotechnology | ||
| 904 | |i Tuyến | ||
| 910 | |a Lấy theo Cutter Tên sách | ||
| 980 | |a Trung tâm Học liệu Trường Đại học Cần Thơ | ||